[Event "2. Bundesliga West 2014/15"]
[Site "Diverse"]
[Date "2015.01.24"]
[Round "7"]
[Board "4"]
[White "Roeberg, Frank"]
[Black "Drabke, Lorenz"]
[Result "0-1"]
[WhiteElo "2249"]
[BlackElo "2462"]
[PlyCount "126"]
[EventDate "2014.10.10"]
[EventType "team"]
[EventRounds "11"]
[EventCountry "AUT"]
[WhiteTeam "Schwarzach"]
[BlackTeam "Dornbirn"]

1.e4 c5 2.Nc3 e6 3.Nf3 a6 4.g3 b5 5.d4 cxd4 6.Nxd4 Bb7 7.Bg2 Nf6 8.O-O b4 9.Na4 Bxe4
10.Bxe4 Nxe4 11.Re1 d5 12.Nxe6 fxe6 13.Qh5+ g6 14.Qe5 Qf6 15.Rxe4 Qxe5 16.Rxe5 Kf7
17.Re3 Bd6 18.b3 Re8 19.Bb2 Nd7 20.Rd1 Rac8 21.c4 bxc3 22.Bxc3 Rc6 23.Kg2 Rec8 24.Rf3+
Ke7 25.Re3 Nf6 26.f3 Kf7 27.Rd2 Ba3 28.Bb2 Bb4 29.Rde2 Nd7 30.Bd4 Bf8 31.h4 Bh6 32.Rc3
Rxc3 33.Bxc3 Bf8 34.Bd4 Rc6 35.Kf2 Bd6 36.Bb2 e5 37.Nc3 Ke6 38.Na4 Nf6 39.g4 h5 40.g5
Nd7 41.Nc3 Nc5 42.Rd2 d4 43.Ne2 Rc7 44.Kg2 Nd7 45.a3 Nc5 46.Nc1 a5 47.b4 Na4 48.Nd3
Nxb2 49.Rxb2 Rc3 50.Nf2 a4 51.Ra2 Kd5 52.Ne4 Re3 53.Kf2 Be7 54.Rc2 Rxa3 55.b5 Rb3
56.Rc7 Rb2+ 57.Kf1 a3 58.Rxe7 a2 59.Rd7+ Kc4 60.Ra7 Rb1+ 61.Kf2 a1=Q 62.Rxa1 Rxa1
63.b6 Ra2+ 0-1

[Event "2. Bundesliga West 2014/15"]
[Site "Diverse"]
[Date "2015.01.24"]
[Round "7"]
[Board "5"]
[White "Novkovic, Julia"]
[Black "Ljubic, Juro"]
[Result "0-1"]
[WhiteElo "2156"]
[BlackElo "2213"]
[PlyCount "96"]
[EventDate "2014.10.10"]
[EventType "team"]
[EventRounds "11"]
[EventCountry "AUT"]
[WhiteTeam "Dornbirn"]
[BlackTeam "Schwarzach"]

1.e4 d5 2.exd5 Qxd5 3.Nc3 Qa5 4.d4 Nf6 5.Bc4 Bg4 6.f3 Bf5 7.Bd2 c6 8.g4 Bg6 9.f4 e6
10.Qe2 Be7 11.O-O-O Qc7 12.Re1 b5 13.Bb3 a5 14.a4 b4 15.Nd1 h5 16.d5 Be4 17.g5 Bxh1
18.gxf6 gxf6 19.dxe6 fxe6 20.Qxe6 Bd5 21.Qxf6 Rg8 22.Bxd5 cxd5 23.Qe6 Rf8 24.f5 Ra6
25.Qxd5 Qd7 26.Qe5 Nc6 27.Qe2 Rb6 28.Qf2 Nd4 29.Re4 Rd6 30.Ne3 Qc6 31.Rxe7+ Kxe7 32.Qh4+
Kd7 33.Kd1 Nxf5 34.Qh3 Qe4 35.Nxf5 Qxf5 36.Qxf5+ Rxf5 37.Ke2 Re5+ 38.Kd1 Rg5 39.Nf3
Rg2 40.Ke1 Rf6 41.Ne5+ Kc8 42.Nc4 Rxh2 43.c3 b3 44.Nxa5 Rg6 45.Be3 Rxb2 46.Nc4 Ra2
47.Nd2 Re6 48.Kf2 Rxd2+ 0-1

[Event "2. Bundesliga West 2014/15"]
[Site "Diverse"]
[Date "2015.01.24"]
[Round "7"]
[Board "6"]
[White "Stoeckl, Norbert"]
[Black "Kanonier, Clemens"]
[Result "1-0"]
[WhiteElo "2094"]
[BlackElo "2117"]
[PlyCount "101"]
[EventDate "2014.10.10"]
[EventType "team"]
[EventRounds "11"]
[EventCountry "AUT"]
[WhiteTeam "Schwarzach"]
[BlackTeam "Dornbirn"]

1.e4 e5 2.Nf3 Nc6 3.Bb5 a6 4.Ba4 Nf6 5.O-O Nxe4 6.d4 b5 7.Bb3 d5 8.dxe5 Be6 9.Qe2
Be7 10.Rd1 Na5 11.Nbd2 Nxb3 12.axb3 Nxd2 13.Bxd2 c5 14.Rxa6 Rb8 15.b4 O-O 16.bxc5
Qc8 17.Ra5 Qxc5 18.c3 Bg4 19.h3 Qc7 20.Rda1 Bxf3 21.Qxf3 Qc4 22.Qg4 Bc5 23.b3 Qxg4
24.hxg4 Bb6 25.Ra6 h6 26.Kf1 g5 27.Re1 Rfe8 28.g3 Re6 29.Ra2 Rbe8 30.f4 f6 31.exf6
Rxe1+ 32.Bxe1 Kf7 33.Ra6 Rb8 34.Bd2 d4 35.cxd4 Bxd4 36.fxg5 hxg5 37.Bxg5 Rg8 38.Bh4
Rxg4 39.Rd6 Re4 40.Rd7+ Kf8 41.Re7 Rg4 42.Rb7 Be5 43.Rxb5 Bxg3 44.Bxg3 Rxg3 45.Kf2
Rc3 46.Rb7 Rc6 47.f7 Rc3 48.Ke2 Rh3 49.Kd2 Rg3 50.Kc2 Rf3 51.Kb2 1-0

[Event "2. Bundesliga West 2014/15"]
[Site "Diverse"]
[Date "2015.01.24"]
[Round "7"]
[Board "1"]
[White "Breder, Dennis"]
[Black "Medvegy, Zoltan"]
[Result "1/2-1/2"]
[WhiteElo "2471"]
[BlackElo "2526"]
[PlyCount "123"]
[EventDate "2014.10.10"]
[EventType "team"]
[EventRounds "11"]
[EventCountry "AUT"]
[WhiteTeam "Hohenems II"]
[BlackTeam "Ranshofen"]

1.e4 c6 2.d4 d5 3.exd5 cxd5 4.Bd3 Nc6 5.c3 Qc7 6.h3 g6 7.Ne2 Bf5 8.Bxf5 gxf5 9.Bf4
Qd7 10.Nd2 e6 11.Ng3 Bd6 12.Bxd6 Qxd6 13.Nh5 O-O-O 14.Qf3 Nge7 15.O-O-O Ng6 16.g3
Kb8 17.Kb1 Na5 18.Qe3 Nc4 19.Nxc4 dxc4 20.g4 Ne7 21.Qf3 Qd5 22.Qg3+ Qd6 23.Qf3 Qd5
24.Qe3 Qd6 25.Rhe1 h6 26.Qf3 Qd5 27.Qg3+ Qd6 28.Qf3 Qd5 29.Qe2 Qc6 30.Qe5+ Qc7 31.Ng3
Qxe5 32.Rxe5 fxg4 33.hxg4 Rdg8 34.f3 Ng6 35.Rc5 Nh4 36.Rf1 f5 37.Nh5 fxg4 38.fxg4
Rxg4 39.Rxc4 Nf5 40.Rc5 Rc8 41.Re5 Rg5 42.Nf4 Ng7 43.Rfe1 Rxe5 44.Rxe5 Re8 45.Re1
Kc8 46.Rh1 Rh8 47.Ng6 Rh7 48.Nf8 Rh8 49.Ng6 Rh7 50.Rf1 Ne8 51.Nf8 Rh8 52.Nxe6 h5 53.Kc2
h4 54.Kd3 h3 55.Ke4 Nd6+ 56.Kd5 h2 57.Kxd6 h1=Q 58.Rxh1 Rxh1 59.d5 Rh2 60.Ke7 Rh7+
61.Kd6 Rh2 62.Ke7 1/2-1/2

[Event "2. Bundesliga West 2014/15"]
[Site "Diverse"]
[Date "2015.01.24"]
[Round "7"]
[Board "2"]
[White "Konnyu, Janos"]
[Black "Froewis, Georg"]
[Result "1-0"]
[WhiteElo "2339"]
[BlackElo "2434"]
[PlyCount "69"]
[EventDate "2014.10.10"]
[EventType "team"]
[EventRounds "11"]
[EventCountry "AUT"]
[WhiteTeam "Ranshofen"]
[BlackTeam "Hohenems II"]

1.e4 e6 2.d4 d5 3.Nd2 Nc6 4.Ngf3 Nf6 5.e5 Nd7 6.Bb5 a6 7.Ba4 f6 8.c4 fxe5 9.dxe5 Nb6
10.O-O Be7 11.cxd5 exd5 12.Nd4 Nxa4 13.Qxa4 O-O 14.Nxc6 bxc6 15.Qxc6 Rb8 16.f4 Rb6
17.Qc3 Bb4 18.Qg3 Bf5 19.Qf2 Rc6 20.Nf3 Rc2 21.Qg3 d4 22.a3 Bc5 23.b4 Bb6 24.Bd2 Be4
25.Rad1 Rc6 26.Ng5 Bc2 27.Rde1 h6 28.Ne4 Kh8 29.f5 Bxe4 30.Rxe4 d3+ 31.Kh1 Rc2 32.f6
Rf7 33.Qg6 Kg8 34.Bxh6 d2 35.e6 1-0

[Event "2. Bundesliga West 2014/15"]
[Site "Diverse"]
[Date "2015.01.24"]
[Round "7"]
[Board "3"]
[White "Baldauf, Marco"]
[Black "Dovzik, Juri"]
[Result "1/2-1/2"]
[WhiteElo "2420"]
[BlackElo "2303"]
[PlyCount "145"]
[EventDate "2014.10.10"]
[EventType "team"]
[EventRounds "11"]
[EventCountry "AUT"]
[WhiteTeam "Hohenems II"]
[BlackTeam "Ranshofen"]

1.d4 d5 2.c4 c6 3.Nc3 Nf6 4.e3 e6 5.Nf3 Nbd7 6.Qc2 Bd6 7.Bd3 O-O 8.O-O dxc4 9.Bxc4
e5 10.h3 Qe7 11.Bb3 h6 12.Nh4 Re8 13.Nf5 Qf8 14.Nxd6 Qxd6 15.Rd1 exd4 16.exd4 Nf8
17.d5 Bd7 18.dxc6 Qxc6 19.Be3 a6 20.Qd2 Rad8 21.Nd5 Nxd5 22.Bxd5 Qg6 23.Qb4 Bxh3 24.Qxb7
Bg4 25.Rd2 Rd7 26.Qc6 Red8 27.Qxg6 Nxg6 28.f3 Be6 29.Bxe6 Rxd2 30.Bxd2 Rxd2 31.Bc4
Nf4 32.Bf1 Rxb2 33.a4 a5 34.Rd1 Ra2 35.g3 Ne6 36.Bb5 Ng5 37.Rd8+ Kh7 38.Bc6 Rc2 39.Rd6
g6 40.f4 Ne6 41.Bd5 Rd2 42.Rd7 Ng7 43.Kf1 h5 44.Ke1 Rd4 45.Kf2 Kh6 46.Bc6 Rxd7 47.Bxd7
g5 48.fxg5+ Kxg5 49.Kf3 Nf5 50.Bb5 Nd6 51.Be2 f5 52.Ke3 Ne4 53.Kf3 Nc3 54.Bb5 Nd5
55.Bc6 Ne7 56.Be8 Nc8 57.Bb5 Nd6 58.Ke3 Ne4 59.Kf3 Nf6 60.Bd3 Ng4 61.Be2 Ne5+ 62.Ke3
Ng4+ 63.Kf3 Nf6 64.Bd3 Nd7 65.Be2 Nc5 66.Bb5 Kf6 67.Be8 Ke5 68.Ke3 Ne4 69.Kf3 Nc3
70.Ke3 Ne4 71.Kf3 Nc5 72.Ke3 Ne4 73.Kf3 1/2-1/2

[Event "2. Bundesliga West 2014/15"]
[Site "Diverse"]
[Date "2015.01.24"]
[Round "7"]
[Board "4"]
[White "Ager, Josef"]
[Black "Kessler, Luca"]
[Result "1/2-1/2"]
[WhiteElo "2109"]
[BlackElo "2324"]
[PlyCount "94"]
[EventDate "2014.10.10"]
[EventType "team"]
[EventRounds "11"]
[EventCountry "AUT"]
[WhiteTeam "Ranshofen"]
[BlackTeam "Hohenems II"]

1.c4 Nf6 2.g3 g6 3.Bg2 Bg7 4.Nc3 O-O 5.e3 d6 6.Nge2 c6 7.O-O Be6 8.d3 Qc8 9.Nf4 Bg4
10.f3 Bd7 11.e4 a6 12.a4 a5 13.Be3 Na6 14.Rc1 e5 15.Nfe2 Bh3 16.d4 exd4 17.Nxd4 Re8
18.Re1 Bxg2 19.Kxg2 Nd7 20.Qd2 Nac5 21.Rcd1 Ne5 22.Qe2 Qc7 23.f4 Ned7 24.Qc2 Re7 25.Bg1
Rae8 26.Re2 Qb6 27.Nf3 Bxc3 28.bxc3 Qc7 29.Rde1 Nb6 30.Bxc5 dxc5 31.Qb3 Nd7 32.Qb1
f6 33.Rb2 Rb8 34.h4 b6 35.Qd3 Rbe8 36.Rd2 Nf8 37.Qc2 Re6 38.Rde2 Qe7 39.Kf2 Nd7 40.Rd2
Qf7 41.Qd3 R6e7 42.Kg2 Nf8 43.Rb2 Nd7 44.Rbe2 Kg7 45.Rd2 Nf8 46.Rb2 Nd7 47.Rd2 Nf8 1/2-1/2

[Event "2. Bundesliga West 2014/15"]
[Site "Diverse"]
[Date "2015.01.24"]
[Round "7"]
[Board "5"]
[White "Gaertner, Guntram"]
[Black "Knechtel, Roland"]
[Result "1-0"]
[WhiteElo "2226"]
[BlackElo "2258"]
[PlyCount "103"]
[EventDate "2014.10.10"]
[EventType "team"]
[EventRounds "11"]
[EventCountry "AUT"]
[WhiteTeam "Hohenems II"]
[BlackTeam "Ranshofen"]

1.d4 g6 2.e4 Bg7 3.Nf3 d6 4.h3 c5 5.c3 Nf6 6.dxc5 dxc5 7.Qxd8+ Kxd8 8.Ng5 Ke8 9.e5
Nd5 10.Bc4 e6 11.f4 b6 12.Na3 a6 13.Ne4 Ke7 14.O-O Bb7 15.Bd3 Nd7 16.Nc4 h6 17.a4
Bc6 18.Bc2 Rag8 19.h4 Rb8 20.Bd2 Rhd8 21.h5 Rg8 22.Be1 g5 23.fxg5 Bxe5 24.Nxe5 Nxe5
25.Bg3 Ne3 26.Bxe5 Nxc2 27.Bd6+ Kd7 28.Rxf7+ Ke8 29.Raf1 Bxe4 30.Bxb8 Rxg5 31.Rf8+
Kd7 32.Rd1+ Bd5 33.Rd2 Ke7 34.Rh8 Ne1 35.Rh7+ Ke8 36.Kf1 Nxg2 37.Rxh6 Ne3+ 38.Ke2
Nc4 39.Rxd5 exd5 40.b3 Na5 41.Bf4 Rg4 42.Kf3 Rh4 43.Kg3 Rh1 44.Kg4 Nxb3 45.Rxb6 c4
46.Be3 Kf7 47.h6 a5 48.Rb7+ Kg8 49.Kg5 Rf1 50.Kg6 Rf8 51.h7+ Kh8 52.Bh6 1-0

[Event "2. Bundesliga West 2014/15"]
[Site "Diverse"]
[Date "2015.01.24"]
[Round "7"]
[Board "6"]
[White "Kuecher, Wolfgang"]
[Black "Hofer, Emilian"]
[Result "0-1"]
[WhiteElo "2077"]
[BlackElo "2219"]
[PlyCount "54"]
[EventDate "2014.10.10"]
[EventType "team"]
[EventRounds "11"]
[EventCountry "AUT"]
[WhiteTeam "Ranshofen"]
[BlackTeam "Hohenems II"]

1.d4 d5 2.Nf3 Nf6 3.c4 c6 4.Nc3 dxc4 5.a4 Bf5 6.e3 e6 7.Bxc4 Bb4 8.O-O Nbd7 9.Qe2
Bg6 10.Rd1 O-O 11.Na2 Bd6 12.Bd2 Qe7 13.Bc3 Ne4 14.Rac1 Bh5 15.h3 Ng5 16.Kf1 Nxf3
17.gxf3 Qh4 18.Kg2 Nf6 19.Bd3 Nd5 20.Rh1 f5 21.Rcg1 f4 22.e4 Ne3+ 23.Kh2 Bg4 24.Rxg4
Nxg4+ 25.Kg2 Ne3+ 26.Kh2 Rf6 27.e5 Qxh3+ 0-1

[Event "2. Bundesliga West 2014/15"]
[Site "Diverse"]
[Date "2015.01.25"]
[Round "8"]
[Board "1"]
[White "Breder, Dennis"]
[Black "Wachinger, Guenther"]
[Result "1-0"]
[WhiteElo "2471"]
[BlackElo "2233"]
[PlyCount "96"]
[EventDate "2014.10.10"]
[EventType "team"]
[EventRounds "11"]
[EventCountry "AUT"]
[WhiteTeam "Hohenems II"]
[BlackTeam "HAK/HAS Innsbruck"]

1.e4 c5 2.Nf3 e6 3.g3 Nc6 4.Bg2 Nf6 5.Qe2 e5 6.O-O Be7 7.b3 O-O 8.Bb2 d6 9.d3 Re8
10.Nbd2 Bf8 11.Nc4 Bg4 12.Ne3 Nd4 13.Qd1 Nxf3+ 14.Bxf3 Bxf3 15.Qxf3 g6 16.Qg2 Bg7
17.c4 Nh5 18.Nd5 Nf6 19.Nc3 Nd7 20.Kh1 Rf8 21.f4 exf4 22.gxf4 Bxc3 23.Bxc3 f6 24.Rf3
Qe7 25.Rg3 Kf7 26.h4 Rg8 27.Rg1 Ke8 28.Qh3 Kd8 29.f5 Ne5 30.fxg6 hxg6 31.Bxe5 fxe5
32.Rxg6 Rxg6 33.Rxg6 Kc7 34.Qg4 Rh8 35.h5 Kb6 36.Kg2 Qf8 37.Qd7 Rg8 38.Qe6 Rxg6+ 39.Qxg6
Kc6 40.Qg5 b5 41.h6 Qf7 42.Qf5 Qg8+ 43.Kf2 bxc4 44.h7 Qd8 45.bxc4 Qh4+ 46.Kg2 Kb6
47.Qh3 Qg5+ 48.Kf3 Qf4+ 1-0

[Event "2. Bundesliga West 2014/15"]
[Site "Diverse"]
[Date "2015.01.25"]
[Round "8"]
[Board "2"]
[White "Niedermeier, Thomas"]
[Black "Froewis, Georg"]
[Result "1/2-1/2"]
[WhiteElo "2194"]
[BlackElo "2434"]
[PlyCount "60"]
[EventDate "2014.10.10"]
[EventType "team"]
[EventRounds "11"]
[EventCountry "AUT"]
[WhiteTeam "HAK/HAS Innsbruck"]
[BlackTeam "Hohenems II"]

1.e4 e6 2.d4 d5 3.Nc3 Bb4 4.exd5 exd5 5.Bd3 c6 6.a3 Bxc3+ 7.bxc3 Ne7 8.Qf3 O-O 9.Nh3
Ng6 10.O-O Bxh3 11.Qxh3 Nd7 12.Rb1 b5 13.f4 Re8 14.f5 Ngf8 15.f6 Nxf6 16.Bg5 Qd7 17.Bf5
Qd6 18.Bxf6 gxf6 19.Rf3 Ng6 20.Rbf1 Qxa3 21.Bd7 Re7 22.Bxc6 Rd8 23.Bxd5 a5 24.Bc6
Qb2 25.Qh6 Rd6 26.d5 a4 27.Rh3 a3 28.Qxh7+ Kf8 29.Qh6+ Kg8 30.Qh7+ Kf8 1/2-1/2

[Event "2. Bundesliga West 2014/15"]
[Site "Diverse"]
[Date "2015.01.25"]
[Round "8"]
[Board "3"]
[White "Baldauf, Marco"]
[Black "Hajdarevic, Dino"]
[Result "1-0"]
[WhiteElo "2420"]
[BlackElo "2135"]
[PlyCount "85"]
[EventDate "2014.10.10"]
[EventType "team"]
[EventRounds "11"]
[EventCountry "AUT"]
[WhiteTeam "Hohenems II"]
[BlackTeam "HAK/HAS Innsbruck"]

1.d4 Nf6 2.c4 g6 3.Nc3 d5 4.Bf4 Bg7 5.e3 O-O 6.Rc1 c5 7.dxc5 Qa5 8.cxd5 Ne4 9.Nge2
Nxc5 10.a3 Ne4 11.Qa4 Qxa4 12.Nxa4 Nd7 13.Ng3 Nxg3 14.Bxg3 Nf6 15.Nc3 Bd7 16.Be2 Rac8
17.O-O Rc5 18.b4 Rcc8 19.Be5 a6 20.Rfd1 Rfd8 21.Bf3 Ne8 22.Bxg7 Kxg7 23.Be2 Nd6 24.f3
Rc7 25.Na2 Rdc8 26.Rxc7 Rxc7 27.Rc1 Rxc1+ 28.Nxc1 f5 29.Na2 Ba4 30.Nc3 Bb3 31.Kf2
Kf6 32.g3 Ke5 33.f4+ Kf6 34.Bd3 Nc8 35.Kf3 b5 36.e4 Nb6 37.Ke3 Nd7 38.Kd4 h6 39.e5+
Kg7 40.e6 Nf6 41.Kc5 Ng4 42.Kb6 Nf2 43.Bb1 1-0

[Event "2. Bundesliga West 2014/15"]
[Site "Diverse"]
[Date "2015.01.25"]
[Round "8"]
[Board "4"]
[White "Meier, Alexander"]
[Black "Kessler, Luca"]
[Result "0-1"]
[WhiteElo "2186"]
[BlackElo "2324"]
[PlyCount "48"]
[EventDate "2014.10.10"]
[EventType "team"]
[EventRounds "11"]
[EventCountry "AUT"]
[WhiteTeam "HAK/HAS Innsbruck"]
[BlackTeam "Hohenems II"]

1.e4 e5 2.Nf3 Nc6 3.Bc4 Bc5 4.c3 Nf6 5.d3 O-O 6.Bb3 d5 7.exd5 Nxd5 8.O-O Bg4 9.h3
Bh5 10.Bg5 Qd7 11.Nbd2 Bg6 12.Nc4 f6 13.Be3 Be7 14.d4 e4 15.Nfd2 Kh8 16.f3 b5 17.fxe4
Bxe4 18.Qe2 bxc4 19.Bxc4 Bg6 20.Bf4 Rfe8 21.Qf3 Nxf4 22.Qxf4 Bd6 23.Qh4 Rab8 24.b3
Na5 0-1

[Event "2. Bundesliga West 2014/15"]
[Site "Diverse"]
[Date "2015.01.25"]
[Round "8"]
[Board "5"]
[White "Gaertner, Guntram"]
[Black "Heinrich, Thomas"]
[Result "0-1"]
[WhiteElo "2226"]
[BlackElo "2144"]
[PlyCount "116"]
[EventDate "2014.10.10"]
[EventType "team"]
[EventRounds "11"]
[EventCountry "AUT"]
[WhiteTeam "Hohenems II"]
[BlackTeam "HAK/HAS Innsbruck"]

1.d4 d5 2.c4 e6 3.Nc3 Nf6 4.cxd5 exd5 5.Bg5 c6 6.e3 Be7 7.Qc2 h6 8.Bh4 Qa5 9.a3 Na6
10.Rc1 Ne4 11.Bxe7 Kxe7 12.Bxa6 Nxc3 13.Qxc3 Qxa6 14.Qc5+ Kd7 15.Nf3 f6 16.Qc2 Qa5+
17.Nd2 Re8 18.O-O Ke7 19.Nf3 Kf7 20.h3 Qc7 21.b4 a6 22.a4 Qe7 23.Qc5 Qxc5 24.bxc5
Bf5 25.Rc3 Re7 26.g4 Be6 27.Kg2 Rae8 28.Rb1 g5 29.Nd2 Bc8 30.Nf1 Kg6 31.Ng3 Rf7 32.Rcb3
Ree7 33.R1b2 f5 34.gxf5+ Bxf5 35.f3 Bc8 36.e4 Be6 37.Re3 dxe4 38.fxe4 h5 39.Rb6 Bd5
40.exd5 Rxe3 41.dxc6 bxc6 42.Rxc6+ Rf6 43.Rxf6+ Kxf6 44.Kf2 Rd3 45.Nxh5+ Kg6 46.Ng3
Rxd4 47.Ke3 Rxa4 48.Ne4 Kf5 49.Nd6+ Ke6 50.Ne4 Rxe4+ 51.Kxe4 a5 52.Kd4 a4 53.Kc4 a3
54.Kb3 Kd5 55.Kxa3 Kxc5 56.Kb3 Kd4 57.Kc2 Ke3 58.Kd1 Kf2 0-1

[Event "2. Bundesliga West 2014/15"]
[Site "Diverse"]
[Date "2015.01.25"]
[Round "8"]
[Board "6"]
[White "Georgiev, Georgi"]
[Black "Atlas, Dmitry"]
[Result "1/2-1/2"]
[WhiteElo "2107"]
[BlackElo "2220"]
[PlyCount "129"]
[EventDate "2014.10.10"]
[EventType "team"]
[EventRounds "11"]
[EventCountry "AUT"]
[WhiteTeam "HAK/HAS Innsbruck"]
[BlackTeam "Hohenems II"]

1.d4 d5 2.Nf3 e6 3.c4 c6 4.Nc3 Nf6 5.g3 Nbd7 6.Bg2 dxc4 7.a4 Bb4 8.O-O O-O 9.Qc2 Qe7
10.Na2 Bd6 11.Qxc4 e5 12.dxe5 Nxe5 13.Nxe5 Bxe5 14.Nb4 Be6 15.Qh4 Bg4 16.Nd3 Bxe2
17.Re1 Bxd3 18.Bf4 Qb4 19.Bxe5 Qxh4 20.gxh4 Rfe8 21.a5 Nd5 22.Bxd5 cxd5 23.f3 Re6
24.Bc3 Rae8 25.Kf2 Re2+ 26.Kg3 f6 27.Rxe2 Rxe2 28.Re1 Kf7 29.Rxe2 Bxe2 30.Bd4 a6 31.Kf4
Ke6 32.b4 Kd6 33.Bc5+ Kc6 34.Ke3 Bd1 35.f4 Kd7 36.Kd2 Bg4 37.Kc3 Ke6 38.Kd3 Bf3 39.Ke3
Be4 40.Bf8 Kf7 41.Bc5 Kg6 42.Bf8 f5 43.Kf2 d4 44.Bc5 d3 45.Be3 Kf7 46.h5 Ke6 47.h6
gxh6 48.Bd2 Kd5 49.Ke3 Kc4 50.Be1 Bg2 51.Bd2 Bf1 52.Kf2 Be2 53.Ke3 Kd5 54.Be1 Kc4
55.Bd2 Bf1 56.Kf2 Bh3 57.Ke3 h5 58.Be1 h4 59.Bd2 Bg2 60.Be1 Be4 61.Bd2 Kd5 62.Be1
Ke6 63.Bxh4 Kf7 64.Be1 Kg6 65.Kf2 1/2-1/2

[Event "2. Bundesliga West 2014/15"]
[Site "Diverse"]
[Date "2015.01.25"]
[Round "8"]
[Board "1"]
[White "Perunovic, Milos"]
[Black "Loetscher, Roland"]
[Result "1-0"]
[WhiteElo "2632"]
[BlackElo "2458"]
[PlyCount "45"]
[EventDate "2014.10.10"]
[EventType "team"]
[EventRounds "11"]
[EventCountry "AUT"]
[WhiteTeam "Dornbirn"]
[BlackTeam "Kufstein / Woergl"]

1.e4 e5 2.Nf3 Nc6 3.Bb5 Nf6 4.O-O Nxe4 5.d4 Nd6 6.dxe5 Nxb5 7.a4 Nbd4 8.Nxd4 d5 9.Nxc6
bxc6 10.Nd2 Be7 11.Nb3 c5 12.Na5 Qd7 13.f4 g6 14.c4 d4 15.f5 gxf5 16.e6 Qxe6 17.Re1
Qb6 18.Qf3 Rb8 19.Rxe7+ Kxe7 20.Nc6+ Kf6 21.Qf4 Rg8 22.Qh4+ Kg7 23.Bh6+ 1-0

[Event "2. Bundesliga West 2014/15"]
[Site "Diverse"]
[Date "2015.01.25"]
[Round "8"]
[Board "2"]
[White "Bertagnolli, Alexander"]
[Black "Milanovic, Danilo"]
[Result "1-0"]
[WhiteElo "2343"]
[BlackElo "2471"]
[PlyCount "99"]
[EventDate "2014.10.10"]
[EventType "team"]
[EventRounds "11"]
[EventCountry "AUT"]
[WhiteTeam "Kufstein / Woergl"]
[BlackTeam "Dornbirn"]

1.e4 d5 2.exd5 Qxd5 3.Nc3 Qd6 4.d4 Nf6 5.Nf3 g6 6.Ne5 Bg7 7.Bc4 O-O 8.Bf4 Qd8 9.Qf3
Nbd7 10.O-O-O Nb6 11.Bb3 c6 12.h4 Nbd5 13.h5 Be6 14.g4 Nxf4 15.Qxf4 Bxb3 16.axb3 Nd5
17.Nxd5 Qxd5 18.hxg6 fxg6 19.Qh2 h6 20.f4 Qe4 21.f5 g5 22.Rhe1 Qf4+ 23.Qxf4 gxf4 24.Ng6
Rfe8 25.Nxf4 Bf6 26.Ne6 Rac8 27.Rh1 Bg7 28.Rdg1 Kf7 29.g5 Rh8 30.Nxg7 Kxg7 31.gxh6+
Kf6 32.Rh5 Rcd8 33.Rg6+ Kf7 34.Rg4 Rh7 35.Kd2 Rd6 36.Rgh4 c5 37.f6 cxd4 38.fxe7 Kxe7
39.Kd3 Rc6 40.Rh2 Rd6 41.R5h4 Kf8 42.Rf4+ Ke7 43.Re4+ Kf6 44.Rxd4 Rc6 45.c4 Kg6 46.b4
b6 47.b5 Rf6 48.Kc3 Rf3+ 49.Rd3 Rf4 50.b3 1-0

[Event "2. Bundesliga West 2014/15"]
[Site "Diverse"]
[Date "2015.01.25"]
[Round "8"]
[Board "3"]
[White "Sergeev, Vladimir"]
[Black "Koepke, Christian"]
[Result "1/2-1/2"]
[WhiteElo "2448"]
[BlackElo "2322"]
[PlyCount "92"]
[EventDate "2014.10.10"]
[EventType "team"]
[EventRounds "11"]
[EventCountry "AUT"]
[WhiteTeam "Dornbirn"]
[BlackTeam "Kufstein / Woergl"]

1.d4 d5 2.Nf3 Nf6 3.g3 Bf5 4.Nbd2 e6 5.Nh4 Bg4 6.h3 Bh5 7.c4 c6 8.Qb3 Qc7 9.Bg2 Nbd7
10.g4 Bg6 11.g5 Nh5 12.e3 Be7 13.Nxg6 hxg6 14.Nf3 dxc4 15.Qc3 b5 16.Bd2 O-O 17.a4
a6 18.b3 Nb6 19.bxc4 Nxc4 20.O-O Rab8 21.Rfc1 Rfc8 22.axb5 axb5 23.Be1 Bd6 24.Nd2
Nxd2 25.Qxd2 Qe7 26.h4 c5 27.dxc5 Rxc5 28.Rxc5 Bxc5 29.Qd3 b4 30.Ra8 Rxa8 31.Bxa8
Qd6 32.Qb5 Kh7 33.Bf3 Kg8 34.Kg2 Kf8 35.Qb7 Kg8 36.Qc8+ Kh7 37.Qb7 Kg8 38.Qb5 Qe7
39.Be4 Bd6 40.Kf1 Kh7 41.Qe2 Kg8 42.Qb5 Bc5 43.Ke2 Kh7 44.Bf3 Kg8 45.Qb8+ Kh7 46.Qb5
Kg8 1/2-1/2

[Event "2. Bundesliga West 2014/15"]
[Site "Diverse"]
[Date "2015.01.25"]
[Round "8"]
[Board "4"]
[White "Maurer, Jochen"]
[Black "Drabke, Lorenz"]
[Result "1/2-1/2"]
[WhiteElo "2254"]
[BlackElo "2462"]
[PlyCount "49"]
[EventDate "2014.10.10"]
[EventType "team"]
[EventRounds "11"]
[EventCountry "AUT"]
[WhiteTeam "Kufstein / Woergl"]
[BlackTeam "Dornbirn"]

1.e4 c5 2.Nf3 e6 3.c3 Nf6 4.e5 Nd5 5.d4 cxd4 6.Bc4 d6 7.cxd4 Nc6 8.O-O Be7 9.exd6
Qxd6 10.Nc3 O-O 11.Re1 a6 12.Bb3 b5 13.Nxd5 exd5 14.Ne5 Be6 15.Bf4 Nxe5 16.Bxe5 Qd7
17.Qd3 Bf5 18.Qg3 Bg6 19.Rac1 Rac8 20.a3 a5 21.Qf3 Be4 22.Qg3 Bg6 23.Qf3 Be4 24.Qg3
Bg6 25.Qf3 1/2-1/2

[Event "2. Bundesliga West 2014/15"]
[Site "Diverse"]
[Date "2015.01.25"]
[Round "8"]
[Board "5"]
[White "Novkovic, Julia"]
[Black "Rusche, Johannes"]
[Result "1/2-1/2"]
[WhiteElo "2156"]
[BlackElo "2274"]
[PlyCount "70"]
[EventDate "2014.10.10"]
[EventType "team"]
[EventRounds "11"]
[EventCountry "AUT"]
[WhiteTeam "Dornbirn"]
[BlackTeam "Kufstein / Woergl"]

1.e4 e5 2.Nf3 Nc6 3.Nc3 Nf6 4.Bb5 Nd4 5.Ba4 Bc5 6.d3 c6 7.O-O d6 8.Nxd4 Bxd4 9.Ne2
Bb6 10.h3 O-O 11.Ng3 d5 12.Qf3 h6 13.Nf5 Bxf5 14.exf5 e4 15.Qg3 Bc7 16.Bf4 Bxf4 17.Qxf4
Re8 18.d4 Qb6 19.Qe3 a5 20.Rab1 Qb4 21.Bb3 Qd6 22.c3 a4 23.Bc2 b5 24.Qd2 a3 25.b4
Nd7 26.Rbe1 Nb6 27.Bb3 Qf6 28.Qf4 g5 29.Qc7 Nc8 30.g4 Ra7 31.Qg3 Rae7 32.Re3 Nd6 33.Kg2
Kg7 34.Rh1 h5 35.Rhe1 Rh8 1/2-1/2

[Event "2. Bundesliga West 2014/15"]
[Site "Diverse"]
[Date "2015.01.25"]
[Round "8"]
[Board "6"]
[White "Neuschmied, Siegfried"]
[Black "Ruescher, Christian"]
[Result "0-1"]
[WhiteElo "2246"]
[BlackElo "2093"]
[PlyCount "42"]
[EventDate "2014.10.10"]
[EventType "team"]
[EventRounds "11"]
[EventCountry "AUT"]
[WhiteTeam "Kufstein / Woergl"]
[BlackTeam "Dornbirn"]

1.e4 e6 2.d4 d5 3.Nd2 Nf6 4.e5 Nfd7 5.Bd3 c5 6.c3 Nc6 7.Ne2 cxd4 8.cxd4 f6 9.exf6
Nxf6 10.Nf3 Bd6 11.O-O Qc7 12.Nc3 a6 13.Bg5 O-O 14.Rc1 Bd7 15.Re1 Ng4 16.h3 Bh2+ 17.Kf1
Nxf2 18.Kxf2 Qg3+ 19.Ke3 Rxf3+ 20.Qxf3 Qxg5+ 21.Kf2 Nxd4 0-1

[Event "2. Bundesliga West 2014/15"]
[Site "Diverse"]
[Date "2015.01.25"]
[Round "8"]
[Board "1"]
[White "Durakovic, Alman"]
[Black "Wegener, Olaf"]
[Result "1/2-1/2"]
[WhiteElo "2314"]
[BlackElo "2441"]
[PlyCount "71"]
[EventDate "2014.10.10"]
[EventType "team"]
[EventRounds "11"]
[EventCountry "AUT"]
[WhiteTeam "SIR Bernhard 2"]
[BlackTeam "Rochade Rum"]

1.d4 Nf6 2.c4 e6 3.Nc3 Bb4 4.f3 d5 5.a3 Bxc3+ 6.bxc3 c5 7.e3 O-O 8.cxd5 Nxd5 9.Ne2
Nc6 10.e4 Nde7 11.dxc5 Qa5 12.Be3 e5 13.Ng3 Qxc3+ 14.Kf2 Be6 15.Qc1 Qa5 16.Bc4 Bxc4
17.Qxc4 Rad8 18.Rhb1 Rd7 19.Ne2 Rc8 20.Rb5 Qa6 21.Rab1 h6 22.Qb3 Rcd8 23.Rxb7 Rxb7
24.Qxb7 Qxa3 25.Rb3 Qa2 26.Rb2 Qe6 27.Qb3 Qd7 28.Rd2 Qc7 29.Rxd8+ Qxd8 30.Qc4 Qd1
31.Qc1 Qb3 32.Qc3 Qb5 33.Qd2 Qc4 34.Qc3 Qb5 35.Qd2 Qc4 36.Qc3 1/2-1/2

[Event "2. Bundesliga West 2014/15"]
[Site "Diverse"]
[Date "2015.01.25"]
[Round "8"]
[Board "2"]
[White "Braeuer, Franz"]
[Black "Seyb, Alexander"]
[Result "1-0"]
[WhiteElo "2387"]
[BlackElo "2427"]
[PlyCount "79"]
[EventDate "2014.10.10"]
[EventType "team"]
[EventRounds "11"]
[EventCountry "AUT"]
[WhiteTeam "Rochade Rum"]
[BlackTeam "SIR Bernhard 2"]

1.e4 c5 2.Nf3 d6 3.d4 cxd4 4.Nxd4 Nf6 5.Nc3 a6 6.g3 e5 7.Nb3 Be7 8.Bg2 b5 9.O-O O-O
10.a4 b4 11.Nd5 Nxd5 12.exd5 a5 13.Bd2 Nd7 14.c3 bxc3 15.Bxc3 Qb6 16.Ra3 Nc5 17.Nxa5
Rxa5 18.b4 Ra8 19.a5 Qb5 20.bxc5 Qxc5 21.Qa1 f5 22.Rc1 Qa7 23.Qb2 f4 24.Rb3 fxg3 25.hxg3
h5 26.Rb6 h4 27.Bxe5 dxe5 28.d6 Bd8 29.Bxa8 Qxa8 30.Qb3+ Kh8 31.Rb8 Qe4 32.Qe3 Qd5
33.Rbxc8 h3 34.f3 Rxf3 35.Rxd8+ Kh7 36.Qg5 Qd4+ 37.Kh2 Qb2+ 38.Kxh3 Rf6 39.Rc4 e4
40.Rxe4 1-0